000 00555nam a2200169Ia 4500
008 090201s9999 xx 000 0 und d
010 _aKPL-57307
040 _bमराठी
041 _aमराठी
082 _a10460
_b57307
100 _aय ति पाठक
245 _aव्यक्ति आणि वल्ली
_cय ति पाठक
260 _c2004
_bश्रध्दा पब्लिकेशन्स
300 _a118
_bमोठा
600 _aव्यक्ति आणि वल्ली
942 _cBOOK
999 _c210910
_d210910